000 00275 a2200097 4500
020 _a9789364873482
100 _aT. Udayachandran
245 _aAlkkottathinu naduvil(ആൾക്കൂട്ടത്തിനു നടുവിൽ)
260 _bD C books
_c2025
942 _cOO
999 _c115248
_d115247